Statistics for EFL Championship Table 2020/21

Click here to take the quiz!

General Stats

  • This quiz has been taken 46 times
  • The average score is 16 of 24

Answer Stats

PositionClubWDLGDPoints% Correct
1Norwich City29107+3997
100%
2Watford27109+3391
93%
3Brentford24157+3787
81%
4Swansea City231112+1780
79%
5Barnsley23914+878
74%
6Bournemouth221113+2777
72%
21Derby County111124-2244
67%
24Sheffield Wednesday121123-2141
67%
22Wycombe Wanderers111025-3043
67%
8Cardiff City181414+1768
65%
7Reading191314+870
65%
23Rotherham United11926-1642
65%
9Queens Park Rangers191116+268
63%
11Millwall151714-562
60%
18Birmingham City131320-2452
58%
10Middlesbrough181018+264
58%
15Blackburn Rovers151219+1157
56%
19Bristol City15625-2251
56%
20Huddersfield121321-2149
56%
13Preston North End18721-761
53%
14Stoke City151516-260
53%
16Coventry City141319-1255
51%
17Nottingham Forest121618-852
51%
12Luton Town171118-1162
49%

Score Distribution

Percentile by Number Answered

Percent of People with Each Score

Your Score History

You have not taken this quiz